书目信息 |
| 题名: |
舞蹈基本功训练教程
|
|
| 作者: | 杨鸥 , 苏娅 编著 | |
| 分册: | ||
| 出版信息: | 上海 上海音乐出版社 2004 |
|
| 页数: | 209页 | |
| 开本: | 23cm | |
| 丛书名: | ||
| 单 册: | ||
| 中图分类: | J71 | |
| 科图分类: | ||
| 主题词: | 舞蹈动作--高等学校--教材 , 舞蹈动作 | |
| 电子资源: | ||
| ISBN: | 7-80667-633-3 | |
| 000 | 00985nam0 2200265 450 | |
| 001 | 1233562139 | |
| 005 | 20121019092016.65 | |
| 010 | @a7-80667-633-3@dCNY28.00 | |
| 100 | @a20050104d2004 em y0chiy50 ea | |
| 101 | 0 | @achi@eeng |
| 102 | @aCN@b310000 | |
| 105 | @aag z 000yy | |
| 200 | 1 | @a舞蹈基本功训练教程@Awu dao ji ben gong xun lian jiao cheng@e舞蹈学专业·身韵部分@f杨鸥,苏娅编著 |
| 210 | @a上海@c上海音乐出版社@d2004 | |
| 215 | @a209页@c图@d23cm | |
| 300 | @a北京舞蹈学院“十五”规划教材 舞蹈学科应用与基础理论教材系列 中国古典舞学科系列 | |
| 330 | @a本教材侧重于中国古典舞课风格性和审美性的教学要求,内容包括教材大纲、训练要求、男女班示例课、课堂伴奏音乐、学生必读书目与思考题例等。 | |
| 510 | 1 | @aBasic Dance Technique Training Course@zeng |
| 606 | 0 | @a舞蹈动作@x高等学校@j教材 |
| 606 | 0 | @a舞蹈动作 |
| 690 | @aJ71@v4 | |
| 701 | 0 | @a杨鸥@Ayang ou@c(舞蹈)@4编著 |
| 701 | 0 | @a苏娅@Asu ya@c(女)@4编著 |
| 801 | 0 | @aCN@bNLC@c20101222 |
| 905 | @a10447@dJ71@eJY44 | |
| 舞蹈基本功训练教程:舞蹈学专业·身韵部分/杨鸥,苏娅编著.-上海:上海音乐出版社,2004 |
| 209页:图;23cm |
| 北京舞蹈学院“十五”规划教材 舞蹈学科应用与基础理论教材系列 中国古典舞学科系列 |
| ISBN 7-80667-633-3:CNY28.00 |
| 本教材侧重于中国古典舞课风格性和审美性的教学要求,内容包括教材大纲、训练要求、男女班示例课、课堂伴奏音乐、学生必读书目与思考题例等。 |
| ● |
| 相关链接 |
|
|
|
|
正题名:舞蹈基本功训练教程
索取号:J71/JY44
 
预约/预借
| 序号 | 登录号 | 条形码 | 馆藏地/架位号 | 状态 | 备注 |
| 1 | 7833929 | 278339291 | 学院路分馆/ [索取号:J71/JY44] | 在馆 | |
| 2 | 7833930 | 278339308 | 学院路分馆/ [索取号:J71/JY44] | 在馆 | |
| 3 | 7833931 | 278339317 | 学院路分馆/ [索取号:J71/JY44] | 在馆 | |
| 4 | 7833932 | 278339326 | 学院路分馆/ [索取号:J71/JY44] | 在馆 |